000 00212nam a22000857a 4500
008 170111b xxu||||| |||| 00| 0 eng d
100 _92316
_aAmaral.M.
245 _aButterfly Readers-5
260 _aNew Delhi
_bJ.P.
_c2009
999 _c5245
_d5245